| 000 | 00803nam a2200193 a 4500 | ||
|---|---|---|---|
| 008 | 120209s2011 ||||||||||||||||| || u | ||
| 020 | _a9780226803463 | ||
| 050 | _aQ 180.A5 Til | ||
| 100 | _aTilley, Helen, 1968- | ||
| 245 | 1 | 0 |
_aAfrica as a living laboratory: empire, development, and the problem of scientific knowledge, 1870 - 1950 _cHelen Tilley |
| 260 |
_aChicago _bUniversity of Chicago _c2011 |
||
| 300 | _axiv, 496p.: ill. | ||
| 350 | _a0.00 | ||
| 500 | _aBibliography | ||
| 650 | _aRESEARCH--AFRICA--HISTORY--20TH CENTURY | ||
| 650 | _aAFRICAN RESEARCH SURVEY | ||
| 650 | _aRESEARCH--AFRICA--HISTORY--21ST CENTURY | ||
| 995 |
_D0.00 _FCBU-MAIN LIBRARY (Kitwe) _H1 _I0.00 _M1 _UAVAILABLE _WApr 3, 2012 _ZMain Library Open Access Collection |
||
| 999 |
_c33676 _d33676 |
||